000 00992nas a2200289 i 4500
001 2727
003 ES-MaACL
005 20250724062606.0
007 t|
008 990408c1988 sp | | 0 ||pa d
022 _a0214-3216
080 _a(460)
080 _a008
245 0 3 _aEl siglo que viene
_b: revista de cultura.
260 _aSevilla :
_bAyuntamiento de Sevilla, Area de Cultura,
_c1988-
300 _a1 v. :
_bil. ;
_c28 cm.
310 _aIrregular
362 0 _aNº 1 (1988)-
650 7 _aCultura
_2embne
_9170963
655 7 _2tgfbne
_9226866
_aRevistas
710 1 _aSevilla.
_bAyuntamiento.
_91391
852 _aES-MaACL
_jHEM-H-293
_dOlim: HEM-2014
_92824
_cHEM
_zExpurgada marzo 2025: posterior 1958; sin encuadernar; muy incompleta; completa colección de BNE.
856 _uhttps://dialnet.unirioja.es/servlet/revista?codigo=1558
_ySumarios de la revista en Dialnet
866 0 _o(1993-1994)1995-1999.
942 _2udc
999 _c2727
_d2727